000 00694nam a2200241 a 4500
001
003 DO-SdBNP
005 20211006133656.0
008 091005s1984 dr 000 p spa d
040 _aDO-SdBNP
_bspa
_cBPMSU
082 _aRD861.44
_bH557c 1984
_222
100 1 _aHernández Rueda, Lupo,
_d1930-2017
245 1 0 _aCuanza /
_cLupo Hernández Rueda.
260 _aSanto Domingo :
_bCorripio,
_c1984.
300 _a100 p. ;
_c21 cm.
490 0 _aEl silbo vulnerado
500 _aIncluye datos biográficos del autor en las solapas
590 _aInventariado, 2021/VM
650 4 _aPoesía dominicana
650 4 _aLiteratura dominicana.
910 _aVMateo V.
942 _2ddc
_cBK
999 _c13769
_d13769